000 00512nam a22001937a 4500
003 OSt
005 20160425182534.0
008 160425b xxu||||| |||| 00| 0 eng d
020 _a0333306961
040 _cDDC.
082 _a100AKI 1981.
100 _aAkimpelu,J.K.
_98272
245 _aAn introduction to philosophy of education.
260 _aLondon.
_bMacmillan.
_c1981.
300 _axi,252p;
_bill;
_c20cm.
504 _aIncludes index and references.
650 _aEducation.
_91404
942 _2ddc
_cSLOAN
999 _c3751
_d3751